00243nam a22000977a 4500008004100000100001700041245004500058260000900103300001200112773002100124190802b ||||| |||| 00| 0 eng d aHabib, Irfan aMahatma Gandhi and the national question c2019 ap.3-13. aSocial Scientist